Statistics for Easy German

Click here to take the quiz!

General Stats

  • This quiz has been taken 44 times
  • The average score is 11 of 15

Answer Stats

HintAnswer% Correct
DeutschlandGermany
98%
Das AutoCar
95%
Das BierBeer
93%
Das HausHouse
93%
Die KatzeCat
90%
Der HundDog
90%
Die PolizeiPolice
90%
Die WurstSausage
90%
Das BuchBook
76%
Das FlugzeugAirplane
57%
Die HilfeHelp
57%
Das FeuerFire
55%
Der PanzerwagenTank
50%
Das GebäudeBuilding
38%
Der HimmelHeaven
29%

Score Distribution

Percentile by Number Answered

Percent of People with Each Score

Your Score History

You have not taken this quiz